000 00538nam a22001817a 4500
005 20251108171844.0
008 250721s1986 xx 000 0 ara d
082 1 4 _a618.92/محم
100 1 _aرفعت، محمد
245 1 0 _aقاموس الطفل العربي /
264 1 _aبيروت :
_bدار و مكتبة الهلال للطباعة والنشر،
_c1986.
300 _a407ص
650 1 7 _aالأطفال
650 1 7 _aالرعاية الصحية
650 1 7 _aطب الأطفال
942 _2ddc
_cBK
999 _c64361
_d64361